000
00284nam a22001337a 4500
008
181226b xxu||||| |||| 00| 0 eng d
020
_a
9781269455930
041
_a
eng
080
_a
004
100
_a
38
101
_a
SHK
245
_a
Go Office 2013
_c
Gaskin.sh
942
_2
udc
_c
BK
999
_c
53800
_d
53800